Property update (Record no. 108882)

MARC details
000 -LEADER
fixed length control field 01092cim a22002655a 4500
001 - CONTROL NUMBER
control field L145727
008 - FIXED-LENGTH DATA ELEMENTS--GENERAL INFORMATION
fixed length control field 081104s1996 xxk fh 000 0 eng d
035 ## - SYSTEM CONTROL NUMBER
System control number (Sirsi) u145727
041 0# - LANGUAGE CODE
Language code of text/sound track or separate title eng
110 2# - MAIN ENTRY--CORPORATE NAME
Corporate name or jurisdiction name as entry element Royal Institution of Chartered Surveyors
9 (RLIN) 4900
245 00 - TITLE STATEMENT
Title Property update
Medium [sound recording]
260 ## - PUBLICATION, DISTRIBUTION, ETC.
Place of publication, distribution, etc. London
Name of publisher, distributor, etc. RICS
Date of publication, distribution, etc. 1997
300 ## - PHYSICAL DESCRIPTION
Extent 1 audio cassette
490 #0 - SERIES STATEMENT
Series statement RICS Soundtrack Property Update
Volume/sequential designation 2(3) Spring 1997
505 2# - FORMATTED CONTENTS NOTE
Formatted contents note Side 1: changes in capital allowances for investment companies; changes in rating law; providing for household growth; legal update
505 2# - FORMATTED CONTENTS NOTE
Formatted contents note Side 2: implications of the discrimination act; management consultancy opportunities; residential estate agency code; RICS practice panel update
520 ## - SUMMARY, ETC.
Summary, etc. Cassette forms part of a quarterly series on property development, management and legislation.
521 ## - TARGET AUDIENCE NOTE
Target audience note Advanced
590 ## - LOCAL NOTE (RLIN)
Local note KA
651 #4 - SUBJECT ADDED ENTRY--GEOGRAPHIC NAME
Geographic name United Kingdom
Chronological subdivision
690 ## - LOCAL SUBJECT ADDED ENTRY--TOPICAL TERM (OCLC, RLIN)
Topical term or geographic name as entry element PROPERTY
710 1# - ADDED ENTRY--CORPORATE NAME
Corporate name or jurisdiction name as entry element College of Estate Management
9 (RLIN) 400
856 48 - ELECTRONIC LOCATION AND ACCESS
Host name Audio Visual materials can only be used in the library.
942 ## - ADDED ENTRY ELEMENTS (KOHA)
Suppress in OPAC 0
Holdings
Withdrawn status Lost status Source of classification or shelving scheme Damaged status Not for loan Home library Current library Shelving location Date acquired Total Checkouts Full call number Barcode Date last seen Copy number Price effective from Koha item type
    Dewey Decimal Classification     London London Enquiry desk 04/11/2008   BASEMENT 7 30075345 06/08/2019 1 06/08/2019 Audio